000 00993 a2200229 4500
003 Nust
005 20220815144641.0
010 _a 99063309
020 _a1562059505
040 _cNust
082 0 0 _a005.133,JAW
100 1 _aJaworski, Jamie.
_997206
245 1 0 _aJava 2 certification training guide (Include CD) /
_cJamie Jaworski.
260 _aIndianapolis, Ind. :
_bNew Riders Pub.,
_c1999.
300 _axix, 612 p. :
_bill. ;
_c25 cm. +
_e1 computer laser optical disc.
505 _aPART-1: Becoming a Sun Certified Java 2 Programmer (Page-9), PART-2: Becoming a Sun Certified Java 2 Architect (Page-387), PART-3: Becoming a Sun Certified Java 2 Developer (Page-549), PART -4: Appendixes (Page-589).
650 0 _aElectronic data processing personnel
_xCertification.
_981704
650 0 _aJava (Computer program language)
_98017
650 0 _aProgramming languages (Electronic computers)
_xExaminations
_997207
651 _a(Include CD)
_98953
942 _2ddc
_cBK
_k005.133,JAW
999 _c179321
_d179321